000
00282nam a22001217a 4500
999
_c
153990
_d
153990
082
_a
_b
100
_a
Achutan Pillai K
245
_a
Abhinavagupta and his predecessors /
_c
by Achutan Pillai K.
260
_a
_b
Sai Jyoti,
_c
2006.
300
_a
91p.
650
_a
942
_c
BK